[Event "Cantabria-chT Honor"]
[Site "Cantabria"]
[Date "2009.02.14"]
[Round "8"]
[White "Varona Poncela, Tomas"]
[Black "Casuso Ruiz, Roman"]
[Result "1-0"]
[WhiteElo "2111"]
[BlackElo "2131"]
[PlyCount "53"]
[EventDate "2008.11.08"]
[EventType "swiss"]
[EventCountry "ESP"]
[SourceTitle "EXT 2024"]
[Source "ChessBase"]
[SourceDate "2023.10.10"]
[SourceVersion "1"]
[SourceVersionDate "2023.10.10"]
[SourceQuality "1"]

1. e4 c5 2. Nc3 Nc6 3. g3 e6 4. Bg2 Nf6 5. Nge2 d6 6. 0-0 Be7 7. d3 0-0 8. f4 Rb8 9. h3 Bd7 10. g4 b5 11. Ng3 Ne8 12. f5 Bg5 13. Nce2 Nc7 14. Nh5 f6 15. Qe1 d5 16. Bxg5 fxg5 17. Qc3 d4 18. Qxc5 e5 19. c3 Na6 20. Qd5+ Kh8 21. cxd4 Nab4 22. Qb3 Qb6 23. Kh1 Nxd4 24. Qxb4 Nxe2 25. Qe7 Rg8 26. f6 g6 27. f7 1-0

[Event "Cantabria-ch U18"]
[Site "Cantabria"]
[Date "2008.11.09"]
[Round "1"]
[White "Varona Poncela, Tomas"]
[Black "Gonzalez Laso, Adrian"]
[Result "1-0"]
[WhiteElo "2111"]
[BlackElo "1964"]
[PlyCount "30"]
[EventDate "2008.11.09"]
[EventType "swiss"]
[EventRounds "5"]
[EventCountry "ESP"]
[SourceTitle "EXT 2024"]
[Source "ChessBase"]
[SourceDate "2023.10.10"]
[SourceVersion "1"]
[SourceVersionDate "2023.10.10"]
[SourceQuality "1"]

1. e4 c5 2. f4 e6 3. Nf3 g6 4. d4 Bg7 5. e5 d5 6. dxc5 Na6 7. Bxa6 bxa6 8. c3 a5 9. Qa4+ Kf8 10. Nd4 Ne7 11. b4 Kg8 12. Nd2 Bf8 13. N2f3 Bd7 14. Qc2 Qc8 15. 0-0 Qa6 1-0

[Event "ESP-ch U18"]
[Site "Padron"]
[Date "2008.07.29"]
[Round "5"]
[White "Dominguez Pons, Eric"]
[Black "Varona Poncela, Tomas"]
[Result "1/2-1/2"]
[WhiteElo "2259"]
[BlackElo "2064"]
[PlyCount "60"]
[EventDate "2008.07.27"]
[EventType "swiss"]
[EventRounds "9"]
[EventCountry "ESP"]
[SourceTitle "CBM 125 Extra"]
[Source "ChessBase"]
[SourceDate "2008.09.01"]
[SourceVersion "1"]
[SourceVersionDate "2008.09.01"]
[SourceQuality "1"]

1. e4 e6 2. d4 d5 3. Nc3 Bb4 4. Bd3 Bd7 5. Nf3 dxe4 6. Bxe4 Bc6 7. 0-0 Nf6 8. Bg5 Bxc3 9. Bxc6+ Nxc6 10. bxc3 0-0 11. Rb1 b6 12. Qe2 Ne7 13. Bxf6 gxf6 14. c4 Kh8 15. Rfe1 Ng6 16. Rbd1 Rg8 17. g3 a5 18. Qe3 a4 19. d5 e5 20. h4 Qd7 21. h5 Qh3 22. hxg6 Rxg6 23. Nxe5 fxe5 24. Qxe5+ f6 25. Qe4 Rag8 26. Rd3 Rg4 27. Qe6 Rxg3+ 28. Rxg3 Rxg3+ 29. fxg3 Qxg3+ 30. Kh1 Qf3+ 1/2-1/2